000 02192nam a22004337a 4500
003 CHAP
005 20230628120806.0
008 971013c19941996 r 10010 d
010 _a43069
011 _a44041
035 _a48179
040 _cCHAP
082 _a634.3063
_bS5 1994
111 0 0 _aSimposium Internacional sobre Sistemas de Producción en Cítricos
_n(3 :
_d1994 nov 23 y 25 :
_cMartínez de la Torre, Ver.)
_9106461
245 _aMemorias
260 _aChapingo, Méx. :
_bUACH. Programa Interdepartamental de Investigación y Servicio en Citricultura,
_c1994-1996
300 _a2 v.
590 _aBATCH-UPD
_b10
_c20130110
_lUCH01
_h1805
590 _aBATCH-UPD
_b10
_c20130410
_lUCH01
_h1140
590 _aBATCH-UPD
_b10
_c20130914
_lUCH01
_h0958
590 _aCONVERSION
_b10
_c20130109
_lUCH01
_h1324
650 1 4 _aCítricos.
_924392
650 1 4 _aCítricos
_xCongresos.
_924414
901 _aBK
942 _cLIBRO
949 _a634.3063 S5 1994
_bBC
_cCONG
_d-109294
_eCONG
_fv.1 c.5
_gI.c/e
_h89184
_i48179
_si
_t30.00
949 _a634.3063 S5 1994
_bBC
_cCONG
_d-145401
_eCONG
_fv. 2
_h90203
_i48179
_mD
_si
949 _a634.3063 S5 1994
_bBC
_cLIBRO
_d33724000021028
_eLIBRO
_fv.1
_gI.c/e
_h89180
_i48179
_si
_t30.00
949 _a634.3063 S5 1994
_bBC
_cLIBRO
_d33724000021036
_eLIBRO
_fv.1 c.2
_gI.c/e
_h89181
_i48179
_si
_t30.00
949 _a634.3063 S5 1994
_bBC
_cLIBRO
_d33724000021044
_eLIBRO
_fv.1 c.3
_gI.c/e
_h89182
_i48179
_si
_t30.00
949 _a634.3063 S5 1994
_bBC
_cLIBRO
_d33724000089892
_eLIBRO
_fv.1 c.6
_h90204
_i48179
_mD
_si
949 _a634.3063 S5 1994
_bBC
_cLIBRO
_d33724000614764
_eLIBRO
_fv.2 c.2
_h90521
_i48179
_si
949 _a634.3063 S5 1994
_bBC
_cLIBRO
_d33724000614772
_eLIBRO
_fv.2 c.4
_h90523
_i48179
_si
949 _a634.3063 S5 1994
_bBC
_cLIBRO
_d33724000614855
_eLIBRO
_fv.1 c.7
_h90520
_i48179
_si
949 _a634.3063 S5 1994
_bBC
_cLIBRO
_d33724000614970
_eLIBRO
_fv.2 c.3
_h90522
_i48179
_si
949 _a634.3063 S5 1994
_bBC
_cLIBRO
_d33724000757811
_eLIBRO
_fv.2 c.6
_gI.c/e
_h99821
_i48179
_si
_t$64.00
949 _a634.3063 S5 1994
_bBC
_cUACH
_d-109293
_eUACH
_fv.1 c.4
_gI.c/e
_h89183
_i48179
_si
_t30.00
949 _a634.3063 S5 1994
_bBC
_cUACH
_d33724000614863
_eUACH
_fv.2 c.5
_h90524
_i48179
_si
999 _c43069
_d43069